=LDR 00000nam 2200000 4500 =001 INLIS000000000014246 =005 20240925022514 =035 ##$$a 0010-061300000014246 =008 240925################g##########0#ind## =041 ##$$a Ind =090 ##$$a R. 346.06, Ind u =245 1#$$a Undang - undang perseroan terbatas ( UU. No.1. th. 1995 ) /$c INDONESIA =260 ##$$a Jakarta :$b Sinar Grafika,$c 1998 =300 ##$$a V11, 234 hlm, ; $c 20 x 14 cm =650 #4$$a Perseroan terbatas - Undang-Undang =650 #4$$a undang - undang =850 ##$$a NBPNMAT =082 ##$$a R. 346.06 =084 ##$$a R. 346.06 IND u =100 #$$a INDONESIA =250 ##$$a cet.1 =990 ##$$a 00038055 =990 ##$$a 00038056 =990 ##$$a 00038057 =990 ##$$a 00038058 =990 ##$$a 1202300116 =990 ##$$a 00038058 =990 ##$$a 00038055 =990 ##$$a 00038056 =990 ##$$a 00038057 =990 ##$$a 1202300116 =990 ##$$a 00038057 =990 ##$$a 00038057 =990 ##$$a 00038055 =990 ##$$a 00038055 =990 ##$$a 00038056 =990 ##$$a 00038056 =990 ##$$a 00038058 =990 ##$$a 00038058 =990 ##$$a 1202300116 =990 ##$$a 1202300116 =990 ##$$a 00038056 =990 ##$$a 00038055 =990 ##$$a 00038057 =990 ##$$a 00038058 =990 ##$$a 1202300116 =990 ##$$a 00038058 =990 ##$$a 00038055 =990 ##$$a 00038056 =990 ##$$a 00038057 =990 ##$$a 1202300116